[Event "Pula op 27th"]
[Site "Pula"]
[Date "2013.06.12"]
[Round "6"]
[White "Shafarostov, Artem"]
[Black "Yrjola, Jouni"]
[Result "0-1"]
[WhiteElo "2086"]
[BlackElo "2366"]
[PlyCount "90"]
[EventDate "2013.06.08"]
[EventType "swiss"]
[EventRounds "9"]
[EventCountry "CRO"]
[SourceTitle "CBM 154 Extra"]
[Source "ChessBase"]
[SourceDate "2013.06.25"]
[SourceVersion "2"]
[SourceVersionDate "2013.06.25"]
[SourceQuality "1"]

1. d4 d6 2. Nc3 g6 3. e4 Bg7 4. Be3 a6 5. Qd2 b5 6. a3 Bb7 7. f3 Nd7 8. Nge2 Rc8 9. a4 b4 10. Nd5 a5 11. c4 c5 12. b3 e6 13. Ndf4 cxd4 14. Bxd4 e5 15. Bb2 Nc5 16. Qc2 Ne7 17. Nd3 Ne6 18. g3 0-0 19. Bg2 Qb6 20. Nf2 d5 21. exd5 Nxd5 22. Nd1 Rfd8 23. Nc1 Nc3 24. Nxc3 bxc3 25. Bxc3 Qe3+ 26. Ne2 Nc5 27. Kf1 Bxf3 28. Bxf3 Qxf3+ 29. Kg1 Ne4 30. Rf1 Qe3+ 31. Kg2 Nxc3 32. Qxc3 Qxe2+ 33. Rf2 Rd3 34. Qc1 Qe4+ 35. Kh3 Rxb3 36. c5 Qc6 37. Qc4 Qe6+ 38. Qxe6 fxe6 39. Rc1 e4 40. c6 Rc3 41. Rxc3 Bxc3 42. Re2 Rxc6 43. Rxe4 Kf7 44. Rh4 h5 45. Rf4+ Ke7 0-1

[Event "Pula op 25th"]
[Site "Pula"]
[Date "2011.06.21"]
[Round "4"]
[White "Genocchio, Daniele"]
[Black "Shafarostov, Artem"]
[Result "1-0"]
[WhiteElo "2431"]
[BlackElo "2045"]
[PlyCount "98"]
[EventDate "2011.06.18"]
[EventType "swiss"]
[EventRounds "9"]
[EventCountry "CRO"]
[SourceTitle "CBM 143 Extra"]
[Source "ChessBase"]
[SourceDate "2011.08.29"]
[SourceVersion "1"]
[SourceVersionDate "2011.08.29"]
[SourceQuality "1"]

1. Nf3 Nf6 2. g3 d5 3. Bg2 c6 4. d3 Bg4 5. Nbd2 Nbd7 6. h3 Bh5 7. 0-0 e5 8. e4 dxe4 9. dxe4 Be7 10. Qe1 Qc7 11. Nh4 0-0-0 12. Nf5 Bf8 13. Nc4 Bg6 14. b4 Nb6 15. Nxb6+ Qxb6 16. a3 Ne8 17. c4 c5 18. b5 Nd6 19. Ne3 Nxe4 20. Ng4 f5 21. Nxe5 Qe6 22. Qa5 Qb6 23. Qe1 Qe6 24. Nxg6 Qxg6 25. Qa5 Qb6 26. Qxb6 axb6 27. g4 Rd4 28. gxf5 Rxc4 29. Re1 Nd6 30. a4 Kd7 31. Bd5 Rh4 32. a5 bxa5 33. Rxa5 Be7 34. Rxe7+ Kxe7 35. Bg5+ Kd7 36. Bxh4 Nxf5 37. Bg5 Kc7 38. Ra7 Nd6 39. Bd2 Nxb5 40. Rxb7+ Kd6 41. Bc4 Nd4 42. Bf4+ Kc6 43. Rxg7 Rf8 44. Bg3 Nf3+ 45. Kg2 Nd2 46. Rc7+ Kb6 47. Bd5 Rf5 48. Rb7+ Ka6 49. Rd7 Kb5 1-0

[Event "Varna op 4th"]
[Site "Varna"]
[Date "2010.06.18"]
[Round "7"]
[White "Shafarostov, Artem"]
[Black "Dokuchaev, Andrey"]
[Result "0-1"]
[WhiteElo "2061"]
[BlackElo "2231"]
[PlyCount "68"]
[EventDate "2010.06.12"]
[EventType "swiss"]
[EventRounds "9"]
[EventCountry "BUL"]
[SourceTitle "CBM 136 Extra"]
[Source "ChessBase"]
[SourceDate "2010.07.02"]
[SourceVersion "2"]
[SourceVersionDate "2010.07.15"]
[SourceQuality "1"]

1. d4 e6 2. c4 d5 3. Nf3 c5 4. cxd5 exd5 5. g3 Nc6 6. Bg2 Nf6 7. 0-0 Be7 8. Nc3 0-0 9. Bg5 cxd4 10. Nxd4 h6 11. Be3 Bg4 12. Qd2 Ne5 13. b3 Rc8 14. Qb2 Qa5 15. Nb1 Rfe8 16. h3 Bd7 17. a3 Bd6 18. Bd2 Qb6 19. Bc3 Ne4 20. Rd1 Bc5 21. e3 Qf6 22. Qe2 Bxd4 23. Bxd4 Bb5 24. Qb2 Nf3+ 25. Bxf3 Qxf3 26. Nc3 Rxc3 27. Bxc3 Be2 28. Rf1 Ng5 29. Rae1 Bd3 30. e4 Nxh3+ 31. Kh2 Bxf1 32. Rxf1 Rxe4 33. Kxh3 g5 34. Bh8 Rh4# 0-1

[Event "Wch U12"]
[Site "Kemer"]
[Date "2009.11.21"]
[Round "10"]
[White "Sanal, Vahap"]
[Black "Shafarostov, Artem"]
[Result "0-1"]
[WhiteElo "2093"]
[BlackElo "2012"]
[PlyCount "78"]
[EventDate "2009.11.12"]
[EventType "swiss"]
[EventRounds "11"]
[EventCountry "TUR"]
[SourceTitle "EXT 2010"]
[Source "ChessBase"]
[SourceDate "2010.11.25"]
[SourceVersion "1"]
[SourceVersionDate "2010.11.25"]
[SourceQuality "1"]

1. e4 e5 2. Nf3 Nc6 3. Bb5 a6 4. Ba4 Nf6 5. 0-0 Be7 6. Re1 b5 7. Bb3 d6 8. c3 0-0 9. h3 Nb8 10. d4 Nbd7 11. Nbd2 Bb7 12. Bc2 Re8 13. Nf1 Bf8 14. Ng3 g6 15. d5 Bg7 16. Nh2 Nb6 17. h4 c6 18. dxc6 Bxc6 19. h5 d5 20. h6 Bh8 21. Bg5 Qc7 22. Qe2 dxe4 23. Rad1 e3 24. fxe3 Nfd5 25. e4 Nf4 26. Qf3 Na4 27. Bxf4 exf4 28. Ne2 Nc5 29. Nxf4 Be5 30. g3 f5 31. Qf2 Bxe4 32. Bb3+ Nxb3 33. axb3 Bd6 34. Nf1 Bc5 35. Ne3 Rad8 36. Kh2 Rxd1 37. Rxd1 Qa7 38. Qd2 Bxe3 39. Qd6 Bxf4 0-1

[Event "Wch U12"]
[Site "Kemer"]
[Date "2009.11.20"]
[Round "9"]
[White "Shafarostov, Artem"]
[Black "Gheorghiu, Calin"]
[Result "1-0"]
[WhiteElo "2012"]
[BlackElo "1897"]
[PlyCount "113"]
[EventDate "2009.11.12"]
[EventType "swiss"]
[EventRounds "11"]
[EventCountry "TUR"]
[SourceTitle "EXT 2010"]
[Source "ChessBase"]
[SourceDate "2010.11.25"]
[SourceVersion "1"]
[SourceVersionDate "2010.11.25"]
[SourceQuality "1"]

1. d4 Nf6 2. c4 e6 3. Nf3 Bb4+ 4. Bd2 Qe7 5. g3 Nc6 6. Bg2 Bxd2+ 7. Nbxd2 d6 8. Nf1 0-0 9. Ne3 a5 10. 0-0 e5 11. d5 Nb8 12. b3 Na6 13. a3 Bd7 14. Ne1 g6 15. Nd3 Nh5 16. Nc2 f5 17. b4 axb4 18. axb4 f4 19. b5 Nc5 20. Rxa8 Rxa8 21. Nxc5 dxc5 22. d6 cxd6 23. Bxb7 Rf8 24. Bd5+ Kh8 25. Qd3 Bh3 26. Ra1 Qf6 27. Ra8 fxg3 28. Rxf8+ Qxf8 29. hxg3 Nf6 30. Ne3 Qd8 31. Bg2 Bxg2 32. Kxg2 Kg7 33. Nd5 Nxd5 34. Qxd5 Kf6 35. Qc6 Ke7 36. Qb7+ Qd7 37. Qxd7+ Kxd7 38. e4 h5 39. f4 exf4 40. gxf4 Kd8 41. Kh3 Kd7 42. Kh4 Ke7 43. Kg5 Kd7 44. f5 gxf5 45. Kxf5 h4 46. Kg4 h3 47. Kxh3 Ke6 48. Kg4 d5 49. exd5+ Kd6 50. Kf5 Kd7 51. Ke5 Kc7 52. Ke6 Kb6 53. d6 Kb7 54. d7 Kc7 55. Ke7 Kb7 56. d8Q Ka7 57. b6+ 1-0

[Event "Wch U12"]
[Site "Kemer"]
[Date "2009.11.19"]
[Round "8"]
[White "Ghosh, Diptayan"]
[Black "Shafarostov, Artem"]
[Result "1-0"]
[WhiteElo "2124"]
[BlackElo "2012"]
[PlyCount "131"]
[EventDate "2009.11.12"]
[EventType "swiss"]
[EventRounds "11"]
[EventCountry "TUR"]
[SourceTitle "EXT 2010"]
[Source "ChessBase"]
[SourceDate "2010.11.25"]
[SourceVersion "1"]
[SourceVersionDate "2010.11.25"]
[SourceQuality "1"]

1. d4 Nf6 2. Nc3 d5 3. Bg5 Bf5 4. Bxf6 gxf6 5. e3 e6 6. Bd3 Bxd3 7. Qxd3 c5 8. dxc5 Bxc5 9. Nf3 Nc6 10. 0-0-0 a6 11. e4 d4 12. Ne2 Qa5 13. Kb1 0-0-0 14. Nc1 Ne5 15. Qe2 Rd6 16. Nb3 Qb6 17. Nxe5 fxe5 18. Qf3 Kb8 19. Qf6 Rc8 20. Qxe5 Ka8 21. Qg3 a5 22. Qd3 a4 23. Nd2 Rdc6 24. Nc4 Qc7 25. Qg3 Qe7 26. b3 Ba7 27. Rc1 b5 28. Nb2 Rc3 29. Qe5 Qb4 30. Nd3 Qa5 31. Qd6 Rb8 32. b4 Qb6 33. Qxb6 Bxb6 34. f4 Bd8 35. Rcf1 f6 36. Rf3 Be7 37. Rh3 Rh8 38. Re1 a3 39. e5 f5 40. Rh6 Rc4 41. Rxe6 Bxb4 42. Re2 Rf8 43. Rf6 Be7 44. Rxf8+ Bxf8 45. e6 Be7 46. Re5 Rc6 47. Kc1 b4 48. Kd1 Kb7 49. Rxf5 Rxe6 50. Rf7 Kc6 51. Rxh7 Bd6 52. Rh5 Re4 53. g3 Re3 54. Ne5+ Kc7 55. Rh7+ Kc8 56. Nc4 Re6 57. Nxd6+ Rxd6 58. Rh5 d3 59. Rc5+ Kd7 60. Rc4 dxc2+ 61. Kxc2 Rh6 62. Rxb4 Rxh2+ 63. Kb3 Rg2 64. Rd4+ Ke6 65. Rd3 Kf5 66. Re3 1-0

[Event "Wch U12"]
[Site "Kemer"]
[Date "2009.11.18"]
[Round "7"]
[White "Cheng, Bobby Sky"]
[Black "Shafarostov, Artem"]
[Result "1-0"]
[WhiteElo "2202"]
[BlackElo "2012"]
[PlyCount "67"]
[EventDate "2009.11.12"]
[EventType "swiss"]
[EventRounds "11"]
[EventCountry "TUR"]
[SourceTitle "EXT 2010"]
[Source "ChessBase"]
[SourceDate "2010.11.25"]
[SourceVersion "1"]
[SourceVersionDate "2010.11.25"]
[SourceQuality "1"]

1. d4 d5 2. c4 e6 3. Nf3 Nf6 4. Bg5 Be7 5. Nc3 0-0 6. e3 Nbd7 7. Rc1 c6 8. Bd3 a6 9. cxd5 Nxd5 10. Bxe7 Qxe7 11. Qc2 Nxc3 12. Qxc3 Re8 13. Ne5 f6 14. Nxd7 Bxd7 15. 0-0 e5 16. Bc4+ Kh8 17. dxe5 fxe5 18. Rfd1 Rf8 19. Rc2 Bf5 20. Rcd2 Rae8 21. Bd3 Bc8 22. Be4 Qg5 23. Rd6 Be6 24. R1d2 Qh4 25. Bb1 Bd5 26. e4 Bxe4 27. Qc4 Rf4 28. g3 Qg4 29. Rd8 Bg6 30. Bxg6 Qxg6 31. Rxe8+ Qxe8 32. gxf4 Qg6+ 33. Kf1 Qb1+ 34. Ke2 1-0

[Event "Moscow Region-ch op"]
[Site "Moscow"]
[Date "2009.08.04"]
[Round "9"]
[White "Shafarostov, Artem"]
[Black "Shikhta, Vladislav"]
[Result "1-0"]
[WhiteElo "1998"]
[BlackElo "1880"]
[PlyCount "71"]
[EventDate "2009.07.29"]
[EventType "swiss"]
[EventRounds "10"]
[EventCountry "RUS"]
[SourceTitle "CBM 131 Extra"]
[Source "ChessBase"]
[SourceDate "2009.09.03"]
[SourceVersion "2"]
[SourceVersionDate "2009.09.16"]
[SourceQuality "1"]

1. d4 d5 2. c4 e6 3. Nf3 Nf6 4. Bg5 Be7 5. e3 0-0 6. Bd3 c6 7. 0-0 Nbd7 8. Nc3 dxc4 9. Bxc4 b5 10. Bd3 a6 11. Qe2 c5 12. Rad1 c4 13. Bc2 Bb7 14. e4 h6 15. Bc1 Re8 16. Ne5 Qc7 17. f4 Rac8 18. Nxd7 Nxd7 19. f5 exf5 20. Rxf5 Nf6 21. e5 Nh7 22. Rxf7 Kxf7 23. Bxh7 g5 24. Qh5+ Kg7 25. Bf5 Qc6 26. d5 Qb6+ 27. Kh1 Rf8 28. Bb1 Rcd8 29. d6 Bxg2+ 30. Kxg2 Qf2+ 31. Kh1 Qf3+ 32. Qxf3 Rxf3 33. dxe7 Rxd1+ 34. Nxd1 Kf7 35. Kg2 g4 36. Be4 1-0

[Event "Moscow Region-ch op"]
[Site "Moscow"]
[Date "2009.07.31"]
[Round "4"]
[White "Popelyshev, Igor Viktorovich"]
[Black "Shafarostov, Artem"]
[Result "1-0"]
[WhiteElo "2119"]
[BlackElo "1998"]
[PlyCount "92"]
[EventDate "2009.07.29"]
[EventType "swiss"]
[EventRounds "10"]
[EventCountry "RUS"]
[SourceTitle "CBM 131 Extra"]
[Source "ChessBase"]
[SourceDate "2009.09.03"]
[SourceVersion "2"]
[SourceVersionDate "2009.09.16"]
[SourceQuality "1"]

1. e4 e5 2. Qh5 d6 3. Bc4 g6 4. Qf3 Qf6 5. Nc3 c6 6. a4 Bg7 7. b3 Be6 8. Qxf6 Nxf6 9. Bxe6 fxe6 10. Nf3 Na6 11. Ba3 Rd8 12. d3 0-0 13. Nd2 Bh6 14. Nc4 Ne8 15. b4 Rf7 16. b5 Nb8 17. Ke2 Bg7 18. Rhb1 d5 19. Na5 b6 20. Nxc6 Nxc6 21. bxc6 Rc7 22. exd5 exd5 23. Rb5 Rxc6 24. Rxd5 Rxd5 25. Nxd5 Rxc2+ 26. Kf1 Rd2 27. Nb4 Bf8 28. Nc6 Rxd3 29. Bxf8 Kxf8 30. Nxa7 Ke7 31. Nc8+ Kd7 32. Nxb6+ Kc6 33. Nc4 Kd5 34. Ne3+ Kc5 35. a5 Rd7 36. a6 Ra7 37. Ra5+ Kd4 38. Rd5+ Ke4 39. Ke2 Nf6 40. Rd6 Ne8 41. Rd8 Nf6 42. g3 Nd7 43. Rc8 Nb6 44. Rc6 Rxa6 45. f3+ Kd4 46. Nc2+ Kd5 1-0

[Event "Moscow Region-ch op"]
[Site "Moscow"]
[Date "2009.07.31"]
[Round "5"]
[White "Shafarostov, Artem"]
[Black "Pak, Alexander"]
[Result "1/2-1/2"]
[WhiteElo "1998"]
[BlackElo "1847"]
[PlyCount "102"]
[EventDate "2009.07.29"]
[EventType "swiss"]
[EventRounds "10"]
[EventCountry "RUS"]
[SourceTitle "CBM 131 Extra"]
[Source "ChessBase"]
[SourceDate "2009.09.03"]
[SourceVersion "2"]
[SourceVersionDate "2009.09.16"]
[SourceQuality "1"]

1. d4 d5 2. c4 c6 3. Nf3 Nf6 4. Nc3 dxc4 5. e3 b5 6. a4 b4 7. Na2 e6 8. Bxc4 Be7 9. 0-0 0-0 10. Qe2 Bb7 11. Rd1 Nbd7 12. Ba6 Bxa6 13. Qxa6 Qb6 14. Qe2 c5 15. Bd2 cxd4 16. a5 Qxa5 17. Nxb4 Qb6 18. Ra6 Qb7 19. Nc6 Nc5 20. Nxe7+ Qxe7 21. Bb4 d3 22. Rxd3 Qb7 23. Bxc5 Qxa6 24. Bxf8 Rxf8 25. Qd1 h6 26. h3 Qb6 27. b3 Rc8 28. Ne5 Qc7 29. Nc4 Nd5 30. e4 Nb6 31. Nd6 Rd8 32. e5 Qc5 33. Qh5 Qc1+ 34. Rd1 Qc7 35. Qg4 Nc8 36. Qf4 Nxd6 37. exd6 Qc6 38. b4 Rd7 39. Qd4 f6 40. Qc5 Qb6 41. Qc8+ Qd8 42. Qc6 Kf7 43. Rd3 e5 44. Qd5+ Kf8 45. Qc6 Kf7 46. b5 Kf8 47. Qc5 Kf7 48. Ra3 Qb8 49. Rd3 Qd8 50. Ra3 Qb8 51. Rd3 Qd8 1/2-1/2

[Event "Moscow Region-ch op"]
[Site "Moscow"]
[Date "2009.07.29"]
[Round "1"]
[White "Shafarostov, Artem"]
[Black "Babikov, Ivan"]
[Result "0-1"]
[WhiteElo "1998"]
[BlackElo "2333"]
[PlyCount "54"]
[EventDate "2009.07.29"]
[EventType "swiss"]
[EventRounds "10"]
[EventCountry "RUS"]
[SourceTitle "CBM 131 Extra"]
[Source "ChessBase"]
[SourceDate "2009.09.03"]
[SourceVersion "2"]
[SourceVersionDate "2009.09.16"]
[SourceQuality "1"]

1. d4 d5 2. c4 e6 3. Nf3 Nf6 4. Bg5 Nbd7 5. Nc3 c6 6. cxd5 exd5 7. e3 Be7 8. Bd3 0-0 9. Qc2 Re8 10. 0-0 h6 11. Bf4 Nh5 12. Nxd5 Nxf4 13. Nxf4 Bd6 14. Nh5 Nf6 15. Ng3 Bg4 16. Nh4 c5 17. Bb5 Bd7 18. Bxd7 Nxd7 19. Nhf5 Bf8 20. dxc5 Nxc5 21. Rfd1 Qb6 22. Rac1 Rac8 23. Qe2 g6 24. Qg4 Qxb2 25. Rb1 Qxa2 26. Nd4 a6 27. Ngf5 Ne4 0-1

[Event "Obninsk op"]
[Site "Obninsk"]
[Date "2009.07.??"]
[Round "6"]
[White "Oganesian, Andranik"]
[Black "Shafarostov, Artem"]
[Result "0-1"]
[WhiteElo "1967"]
[BlackElo "1998"]
[PlyCount "72"]
[EventDate "2009.07.??"]
[EventType "swiss"]
[EventRounds "9"]
[EventCountry "RUS"]
[SourceTitle "CBM 131 Extra"]
[Source "ChessBase"]
[SourceDate "2009.09.03"]
[SourceVersion "2"]
[SourceVersionDate "2009.09.16"]
[SourceQuality "1"]

1. e4 e5 2. Nf3 Nc6 3. Bc4 Bc5 4. d3 Nf6 5. Nc3 d6 6. Bg5 h6 7. Bh4 g5 8. Bg3 Be6 9. Bb5 Bd7 10. Qd2 Qe7 11. a3 0-0-0 12. 0-0-0 Nd4 13. Nxd4 Bxd4 14. Bc4 Be6 15. Bb3 Bxb3 16. cxb3 Qe6 17. Qc2 Kb8 18. f3 Nd7 19. Nb5 Be3+ 20. Kb1 c6 21. Nc3 Nc5 22. b4 Nb3 23. Ne2 Rc8 24. Be1 c5 25. Qc4 cxb4 26. Qxe6 fxe6 27. Bxb4 Rc6 28. Nc3 a5 29. Bxd6+ Rxd6 30. Rhe1 Bd4 31. Re2 Bxc3 32. bxc3 Rhd8 33. g4 a4 34. Kc2 Rc6 35. Rb1 Nd4+ 36. Kd2 Nxe2 0-1

[Event "Obninsk op"]
[Site "Obninsk"]
[Date "2009.07.??"]
[Round "7"]
[White "Shafarostov, Artem"]
[Black "Dzhangobegov, Vladimir"]
[Result "1/2-1/2"]
[WhiteElo "1998"]
[BlackElo "2242"]
[PlyCount "79"]
[EventDate "2009.07.??"]
[EventType "swiss"]
[EventRounds "9"]
[EventCountry "RUS"]
[SourceTitle "CBM 131 Extra"]
[Source "ChessBase"]
[SourceDate "2009.09.03"]
[SourceVersion "2"]
[SourceVersionDate "2009.09.16"]
[SourceQuality "1"]

1. d4 Nf6 2. c4 e5 3. dxe5 Ng4 4. Bf4 Nc6 5. Nf3 Bb4+ 6. Nbd2 Qe7 7. e3 Ngxe5 8. Nxe5 Nxe5 9. a3 Bxd2+ 10. Qxd2 d6 11. Be2 0-0 12. 0-0 b6 13. b4 Bb7 14. f3 Ng6 15. Bg3 Rae8 16. e4 Ne5 17. Rac1 Nd7 18. Rfd1 f5 19. c5 bxc5 20. Bb5 fxe4 21. bxc5 Nxc5 22. Bxe8 Rxe8 23. fxe4 Nxe4 24. Qa2+ Kh8 25. Re1 c5 26. Qb3 h6 27. Rcd1 d5 28. Bd6 Qd7 29. Bf4 Qc6 30. Rb1 Ba6 31. Qf3 Bb7 32. Qb3 Re7 33. Qf3 Rf7 34. Qg4 d4 35. Be5 Nf2 36. Qg3 Ne4 37. Qg4 Nf2 38. Qg3 Ne4 39. Qg4 Nf2 40. Qg3 1/2-1/2

[Event "RUS-ch U12"]
[Site "Dagomys"]
[Date "2009.04.??"]
[Round "4"]
[White "Bobrov, Alexey"]
[Black "Shafarostov, Artem"]
[Result "0-1"]
[WhiteElo "2029"]
[BlackElo "1998"]
[PlyCount "62"]
[EventDate "2009.04.15"]
[EventType "swiss"]
[EventRounds "9"]
[EventCountry "RUS"]
[SourceTitle "EXT 2012"]
[Source "ChessBase"]
[SourceDate "2011.11.24"]
[SourceVersion "1"]
[SourceVersionDate "2011.11.24"]
[SourceQuality "1"]

1. d4 d5 2. Nf3 Nf6 3. b3 Bg4 4. e3 c5 5. Bb2 Nc6 6. Be2 e6 7. 0-0 Bd6 8. Nbd2 0-0 9. c4 Qe7 10. Ne5 Bf5 11. f4 Rfd8 12. g4 Be4 13. g5 Bxe5 14. dxe5 Ne8 15. Nxe4 dxe4 16. Qc2 Nb4 17. Qc3 Rd7 18. Rfd1 Rad8 19. Rxd7 Rxd7 20. a3 Nd3 21. Rd1 Qd8 22. Bxd3 exd3 23. Kf2 g6 24. e4 Ng7 25. Ke3 Nh5 26. Bc1 Rd4 27. Rxd3 Nxf4 28. Rd2 Qxg5 29. Kf3 Qh5+ 30. Kf2 Qxh2+ 31. Kf1 Qh1+ 0-1

[Event "RUS-ch U12"]
[Site "Dagomys"]
[Date "2009.04.??"]
[Round "3"]
[White "Shafarostov, Artem"]
[Black "Purtov, Konstantin"]
[Result "1-0"]
[WhiteElo "1998"]
[BlackElo "1816"]
[PlyCount "65"]
[EventDate "2009.04.15"]
[EventType "swiss"]
[EventRounds "9"]
[EventCountry "RUS"]
[SourceTitle "EXT 2012"]
[Source "ChessBase"]
[SourceDate "2011.11.24"]
[SourceVersion "1"]
[SourceVersionDate "2011.11.24"]
[SourceQuality "1"]

1. d4 d5 2. c4 e6 3. Nf3 Be7 4. Nc3 Nf6 5. Bg5 h6 6. Bh4 0-0 7. e3 Ne4 8. Bg3 Nxc3 9. bxc3 c5 10. Bd3 Nc6 11. 0-0 f5 12. Ne5 Nxe5 13. Bxe5 Bd7 14. Qb3 Bc6 15. Rfd1 Qe8 16. cxd5 exd5 17. c4 Qf7 18. Rac1 b5 19. cxb5 Bd7 20. dxc5 f4 21. Bxf4 g5 22. Bg3 h5 23. Be4 dxe4 24. Qxf7+ Rxf7 25. Rxd7 h4 26. Bd6 Bxd6 27. Rxd6 Raf8 28. Rd2 Rf5 29. a4 Kg7 30. c6 a6 31. c7 axb5 32. Rd8 Rxf2 33. c8Q 1-0

[Event "RUS-ch U12"]
[Site "Dagomys"]
[Date "2009.04.??"]
[Round "6"]
[White "Zenzera, Alexey"]
[Black "Shafarostov, Artem"]
[Result "1/2-1/2"]
[WhiteElo "2099"]
[BlackElo "1998"]
[PlyCount "82"]
[EventDate "2009.04.15"]
[EventType "swiss"]
[EventRounds "9"]
[EventCountry "RUS"]
[SourceTitle "EXT 2012"]
[Source "ChessBase"]
[SourceDate "2011.11.24"]
[SourceVersion "1"]
[SourceVersionDate "2011.11.24"]
[SourceQuality "1"]

1. c4 e6 2. Nf3 Nf6 3. g3 d5 4. b3 Be7 5. Bg2 0-0 6. 0-0 c5 7. cxd5 Nxd5 8. Bb2 Nc6 9. Nc3 Bf6 10. Qc1 Nxc3 11. Bxc3 e5 12. d3 Qe7 13. Nd2 Nd4 14. Bxd4 exd4 15. Ne4 Bg4 16. Re1 Be5 17. Qxc5 Qe6 18. f4 Bf6 19. Nxf6+ Qxf6 20. e4 Rfc8 21. Qb4 a5 22. Qxb7 Rab8 23. e5 Qg6 24. Qe4 Qxe4 25. Bxe4 Rc3 26. Rec1 Rbc8 27. Rxc3 Rxc3 28. Rb1 g6 29. b4 axb4 30. Rxb4 Rc1+ 31. Kf2 Rc2+ 32. Ke1 Re2+ 33. Kf1 Rd2 34. Rb1 Rxa2 35. h4 Rd2 36. Re1 h5 37. Kg1 Kg7 38. Kf1 Kf8 39. Rc1 Kg7 40. Ra1 Kf8 41. Rc1 Kg7 1/2-1/2

[Event "Moscow Petrosian Memorial U18"]
[Site "Moscow"]
[Date "2009.01.??"]
[Round "6"]
[White "Sidorchuk, Roman"]
[Black "Shafarostov, Artem"]
[Result "0-1"]
[WhiteElo "2186"]
[BlackElo "2004"]
[PlyCount "70"]
[EventDate "2009.01.??"]
[EventType "swiss"]
[EventRounds "9"]
[EventCountry "RUS"]
[SourceTitle "EXT 2010"]
[Source "ChessBase"]
[SourceDate "2010.11.25"]
[SourceVersion "1"]
[SourceVersionDate "2010.11.25"]
[SourceQuality "1"]

1. e4 e5 2. Nf3 Nc6 3. Bb5 g6 4. d4 exd4 5. Nxd4 Bg7 6. Be3 Nf6 7. Nc3 0-0 8. f3 Ne7 9. Qd2 d5 10. e5 Nd7 11. e6 Nb6 12. exf7+ Rxf7 13. 0-0-0 c6 14. Be2 Bd7 15. Bg5 Qf8 16. g4 h6 17. Bh4 Re8 18. Bg3 h5 19. Kb1 Bh6 20. Qd3 c5 21. Ndb5 Nf5 22. gxf5 Bxf5 23. Ne4 dxe4 24. Qc3 exf3 25. Bxf3 Re3 26. Qd2 Rxf3 27. Qg2 Re3 28. Nd6 Rfe7 29. Bh4 Re2 30. Bxe7 Bxc2+ 31. Ka1 Qxe7 32. Qg3 Bxd1 33. Nf5 Qf6 34. Nxh6+ Kh7 35. Qa3 Nc4 0-1

[Event "Dmitrov Summer op"]
[Site "Dmitrov"]
[Date "2008.07.27"]
[Round "9"]
[White "Shafarostov, Artem"]
[Black "Pugachov, Vladimir"]
[Result "0-1"]
[WhiteElo "2014"]
[BlackElo "2088"]
[PlyCount "166"]
[EventDate "2008.07.21"]
[EventType "swiss"]
[EventRounds "9"]
[EventCountry "RUS"]
[SourceTitle "EXT 2022"]
[Source "ChessBase"]
[SourceDate "2021.10.06"]
[SourceVersion "1"]
[SourceVersionDate "2021.10.06"]
[SourceQuality "1"]

1. e4 c5 2. Nf3 g6 3. c4 Bg7 4. d4 cxd4 5. Nxd4 Nc6 6. Be3 Nf6 7. Nc3 0-0 8. Be2 d6 9. 0-0 Bd7 10. Qd2 Re8 11. f3 Rc8 12. Rac1 Qc7 13. Nd5 Qb8 14. Nb5 Be6 15. b3 b6 16. Nf4 Bd7 17. Nc3 Rcd8 18. Ncd5 e6 19. Nxf6+ Bxf6 20. Nh3 Bg7 21. Nf2 Bc8 22. Ng4 f6 23. Rcd1 Bb7 24. Bh6 Qc7 25. Bxg7 Qxg7 26. Ne3 Rd7 27. Qc2 Red8 28. Rd2 Ne5 29. Rfd1 Qe7 30. Qb2 Nf7 31. Ng4 Kg7 32. Rd3 h5 33. Ne3 g5 34. Nf1 Ne5 35. Rd4 Ng6 36. Ng3 Nf4 37. R4d2 h4 38. Nf1 d5 39. cxd5 exd5 40. exd5 Rxd5 41. Bc4 Rxd2 42. Rxd2 Qc5+ 43. Kh1 h3 44. Rxd8 hxg2+ 45. Qxg2 Nxg2 46. Kxg2 Bc8 47. Rg8+ Kh7 48. Ng3 Qxc4 49. bxc4 Kxg8 50. Ne4 Kg7 51. Kg3 Be6 52. Nd6 Kf8 53. a4 Ke7 54. Nb5 a6 55. Na3 Kd6 56. f4 Kc5 57. fxg5 fxg5 58. Nb1 Kb4 59. Nd2 Kxa4 60. Ne4 g4 61. c5 Kb5 62. cxb6 Kxb6 63. Nf2 a5 64. Kf4 a4 65. Nd3 a3 66. Nc1 Kc5 67. Ke5 Bc8 68. Ke4 Kc4 69. Ke3 Kc3 70. Ke2 Kb2 71. Nd3+ Kb1 72. Nb4 a2 73. Nxa2 Kxa2 74. Kf2 Kb3 75. Kg3 Kc3 76. Kg2 Kd4 77. Kf2 Ke5 78. Kg3 Kf6 79. Kf2 Kg5 80. Kg3 Bd7 81. Kf2 Kh4 82. Kg2 Bc6+ 83. Kg1 Kh3 0-1

[Event "Dmitrov Summer op"]
[Site "Dmitrov"]
[Date "2008.07.23"]
[Round "3"]
[White "Shafarostov, Artem"]
[Black "Grishin, Alexander"]
[Result "0-1"]
[WhiteElo "2014"]
[BlackElo "2178"]
[PlyCount "100"]
[EventDate "2008.07.21"]
[EventType "swiss"]
[EventRounds "9"]
[EventCountry "RUS"]
[SourceTitle "EXT 2022"]
[Source "ChessBase"]
[SourceDate "2021.10.06"]
[SourceVersion "1"]
[SourceVersionDate "2021.10.06"]
[SourceQuality "1"]

1. e4 c6 2. d4 d5 3. e5 Bf5 4. c4 e6 5. Nc3 dxc4 6. Bxc4 Nd7 7. Nge2 h6 8. 0-0 Nb6 9. Bb3 Ne7 10. Ng3 Qd7 11. Nce4 Bxe4 12. Nxe4 Nf5 13. Be3 0-0-0 14. Qf3 Nxd4 15. Bxd4 Qxd4 16. Rad1 Qxe5 17. Qxf7 Nd5 18. Rfe1 Bb4 19. Nc5 Qc7 20. Qxc7+ Nxc7 21. Nxe6 Bxe1 22. Nxd8 Bxf2+ 23. Kxf2 Rxd8 24. Rxd8+ Kxd8 25. Ke3 Ke7 26. Ke4 Kf6 27. a4 Ne6 28. Bc2 a5 29. h3 Nc5+ 30. Kd4 b6 31. g3 Ke6 32. Bd1 Kd6 33. h4 Ke6 34. g4 g6 35. b4 axb4 36. a5 Kd6 37. axb6 Nd7 38. b7 Kc7 39. Kc4 c5 40. Bc2 Kxb7 41. Ba4 Nb6+ 42. Kxc5 Nxa4+ 43. Kxb4 Kc6 44. g5 hxg5 45. hxg5 Nb6 46. Kc3 Kd5 47. Kd3 Ke5 48. Ke3 Kf5 49. Kf3 Kxg5 50. Kg3 Nd5 0-1

[Event "Moscow op-B 04th"]
[Site "Moscow"]
[Date "2008.02.06"]
[Round "5"]
[White "Shafarostov, Artem"]
[Black "Meribanov, Vitaly"]
[Result "1/2-1/2"]
[WhiteElo "1920"]
[BlackElo "2105"]
[PlyCount "82"]
[EventDate "2008.02.02"]
[EventType "swiss"]
[EventRounds "9"]
[EventCountry "RUS"]
[SourceTitle "CBM 122 Extra"]
[Source "ChessBase"]
[SourceDate "2008.03.04"]
[SourceVersion "1"]
[SourceVersionDate "2008.03.04"]
[SourceQuality "1"]

1. e4 c5 2. Nf3 Nc6 3. d4 cxd4 4. Nxd4 g6 5. c4 Nf6 6. Nc3 d6 7. f3 Nxd4 8. Qxd4 Bg7 9. Be3 0-0 10. Qd2 Be6 11. Rc1 Qa5 12. Nd5 Qxa2 13. Nxe7+ Kh8 14. Bd4 Ng8 15. Nxg8 Kxg8 16. Bxg7 Kxg7 17. Be2 Rfd8 18. 0-0 Qb3 19. f4 Qb6+ 20. Kh1 f6 21. f5 Bd7 22. fxg6 hxg6 23. Rxf6 Kxf6 24. Qc3+ Kf7 25. c5 dxc5 26. Rf1+ Kg8 27. Rf6 Rf8 28. Rxb6 axb6 29. h3 Be6 30. Qg3 Bf7 31. Qd6 Rae8 32. Bf3 c4 33. Qxb6 Re7 34. Kh2 Kg7 35. Qd4+ Kh7 36. Qd6 Rfe8 37. Qb6 Kg7 38. h4 Rd7 39. Qb5 Rde7 40. Qb6 Rd7 41. Qb5 Rde7 1/2-1/2